International Business (Record no. 94546)

MARC details
000 -LEADER
fixed length control field 00583nam a2200229Ia 4500
005 - DATE AND TIME OF LATEST TRANSACTION
control field 20230324164815.0
008 - FIXED-LENGTH DATA ELEMENTS--GENERAL INFORMATION
fixed length control field 230125s9999 xx 000 0 und d
020 ## - INTERNATIONAL STANDARD BOOK NUMBER
International Standard Book Number 9781259098031
041 ## - LANGUAGE CODE
Language code of text/sound track or separate title eng
082 ## - DEWEY DECIMAL CLASSIFICATION NUMBER
Classification number 650.01
Item number HIL
100 ## - MAIN ENTRY--PERSONAL NAME
Author Hill C W L
245 ## - TITLE STATEMENT
Title International Business
Remainder of title Competing in the Global Marketplace
250 ## - EDITION STATEMENT
Edition statement Ed.10th
260 ## - PUBLICATION, DISTRIBUTION, ETC.
Date of publication, distribution, etc. 2015
Name of publisher, distributor, etc. McGraw-Hill
Place of publication, distribution, etc. New Delhi
300 ## - PHYSICAL DESCRIPTION
Extent 805p
500 ## - GENERAL NOTE
Keywords IBM
650 ## - SUBJECT ADDED ENTRY--TOPICAL TERM
Topical term or geographic name entry element IBM
700 ## - ADDED ENTRY--PERSONAL NAME
Personal name Hill C W L & Jain A K
942 ## - ADDED ENTRY ELEMENTS (KOHA)
Koha item type Books
906 ## - LOCAL DATA ELEMENT F, LDF (RLIN)
b 240.25
Holdings
Withdrawn status Lost status Damaged status Not for loan Home library Current library Date acquired Vendor Net Price Bill number Total Checkouts Full call number Barcode Date last seen Actual Price Bill Date Koha item type Original Barcode
        Smt. Hiraben Nanavati Institute of Management & Research for Women Smt. Hiraben Nanavati Institute of Management & Research for Women 25/02/2017 Suyog Enterprises 775.00 SE/SI/3764   650.01 HIL B15413 HIMR-BK-15413 25/01/2023 534.75 22/02/2017 Books B15413
        Smt. Hiraben Nanavati Institute of Management & Research for Women Smt. Hiraben Nanavati Institute of Management & Research for Women 10/02/2017 Suyog Enterprises 775.00 SE/SI/3711   650.01 HIL B15047 HIMR-BK-15047 25/01/2023 534.75 27/02/2017 Books B15047